Pedagógiai pszichológia jegyzet óvodapedagógusoknak

Elmentve itt :
Bibliográfiai részletek
Szerző: Koltói Lilla
Dokumentumtípus: Könyv
Kulcsszavak:pedagógiai pszichológia
óvodapedagógia
Tárgyszavak:
Online Access:http://eta.bibl.u-szeged.hu/1677
LEADER 00685nnm a2200193 i 4500
001 eta1677
005 20190201084709.0
008 190201suuuu hu o 0|| hun d
040 |a SZTE Elektronikus Tananyag Archívum  |b hun 
041 |a hun 
100 1 |a Koltói Lilla 
245 1 0 |a Pedagógiai pszichológia jegyzet óvodapedagógusoknak  |h [elektronikus dokumentum] /  |c  Koltói Lilla 
516 |a Book 
650 4 |a Társadalomtudományok 
650 4 |a Pszichológia 
650 4 |a Oktatástudomány 
695 |a pedagógiai pszichológia 
695 |a óvodapedagógia 
856 4 0 |u https://eta.bibl.u-szeged.hu/1677/2/pedaggiai_pszicholgia_jegyzet_vodapedaggusoknak/index.html  |z Dokumentum-elérés